Новые методы аттестации стандартных образцов: тематический сборник научных трудов

Bibliografiske detaljer
Institution som forfatter: Центральный научно-исследовательский институт чёрной металлургии имени И. П. Бардина (ЦНИИчермет) Институт стандартных образцов (ЦНИИЧМ ИСО)
Summary:Исключено из фонда НТБ ТПУ
Sprog:russisk
Udgivet: Москва, Металлургия, 1986
Format: MixedMaterials Bog
KOHA link:https://koha.lib.tpu.ru/cgi-bin/koha/opac-detail.pl?biblionumber=266723

MARC

LEADER 00000nam0a2200000 4500
001 266723
005 20231031223606.0
035 |a (RuTPU)RU\TPU\book\289743 
090 |a 266723 
100 |a 20140714d1986 k y0rusy50 ca 
101 0 |a rus 
102 |a RU 
105 |a y z 001zy 
200 1 |a Новые методы аттестации стандартных образцов  |e тематический сборник научных трудов  |f Центральный научно-исследовательский институт чёрной металлургии имени И. П. Бардина (ЦНИИчермет), Институт стандартных образцов (ЦНИИЧМ ИСО) 
210 |a Москва  |c Металлургия  |d 1986 
215 |a 71 с. 
333 |a Исключено из фонда НТБ ТПУ 
712 0 2 |a Центральный научно-исследовательский институт чёрной металлургии имени И. П. Бардина (ЦНИИчермет)  |b Институт стандартных образцов (ЦНИИЧМ ИСО)  |c (Свердловск)  |c (1974-1993) 
801 1 |a RU  |b 63413507  |c 20140714 
801 2 |a RU  |b 63413507  |c 20220211  |g RCR 
942 |c BK